VRAI - FAUX sur les plus hautes structures construites - Statistiques

Statistiques générales
  • Ce quiz a été pris 31 fois
  • Le résultat moyen est 10 sur 20
Statistiques - réponses
Hint Explanation Réponse % Correct
La Tour Eiffel a dominé le monde pendant 41 ans Jusqu'à la construction du Chrysler Building VRAI
79%
La pyramide de Khéops a été la plus haute construction du monde pendant 3800 ans environ VRAI
75%
On pense que le phare d'Alexandre mesurait 135 m VRAI
75%
A l'époque de sa construction la tour Eiffel mesure 300 m VRAI
68%
Il y a 102 étages dans l'Empire State Building VRAI
64%
Le Washington monument aux Etats-Unis mesure 169 m VRAI
64%
La plus haute pile du viaduc de Millau est plus haute que la Tour Eiffel 342M VRAI
64%
La cathédrale de Rouen mesure plus de 150 M 151 M VRAI
57%
Le plus haut gratte-ciel du Qatar est le Burj Khalifa Emirats Arabes Unis FAUX
50%
La grande roue de Las Vegas culmine à 167,6 m VRAI
50%
Le Chrysler Building a été construit 20 ans avant l'Empire State Building 1 an FAUX
43%
La pyramide de Mikérinos est la plus haute de Gizeh 105 M la plus petite FAUX
43%
La Tour de Jéricho mesurait plus de 25 m de haut 8.5 M FAUX
39%
La célèbre Tour CN est à Ottawa Toronto FAUX
39%
L'église St Nicolas de Hambourg est plus haute que celle de Strasbourg 147 contre 142 M VRAI
39%
La pyramide à degrés de Djéser mesurait 101 m 62 M FAUX
32%
La pyramide de Meïdoum est en Turquie Egypte FAUX
32%
La tour appelée Tokyo Skytree a été construire avant le Burj Khalifa 2011 contre 2008 FAUX
29%
La tour de transmission de Roswell, 491 m se trouve au Colorado Nouveau-Mexique FAUX
29%
En 1975, la tour de transmission la plus haute du monde est à Fargo Varsovie FAUX
25%
Aucun quiz correspondant
Distribution des résultats
% des personnes avec chaque résultat
Percentile par nombre de réponses
Votre historique - résultats
Vous n’avez pas pris ce quiz